000 00706nam1a22002291i 4500
001 rc\265374
005 20260406123653.0
010 _a5030032703
_921000
035 _a(NLR Aleph) 005624457
090 _a6522276
_c6522276
100 _a20030307d1996 u |0rusy50 ca
101 0 _arus
102 _aRU
105 _ay |||||||||
200 1 _aТемная половина
_e[Роман
_eВ 2 кн.]
_fСтивен Кинг
_gПеревод с англ. Ф. Сарнова
210 _aМ.
_cМир
_d1996
215 _d17
700 1 _7ca
_8rus
_aКинг
_bС.
_f1947-
_gСтивен
_9110885
_3RU\NLR\AUTH\77848
801 0 _aRU
_bNLR
_gpsbo
801 1 _aRU
_bELAR
_2rusmarc
852 _aNLR
_j96-2/1895
942 _cBOOK